History Quiz

Random History Quiz

Historical People Drinking Quiz Stats

 Plays Quiz Updated May 1, 2015

Score 0/26 Timer 07:00
3 Plays Today
% Correct
Barack Obama and Michelle Obama
99.7%
Vladimir Putin
88.5%
Queen Elizabeth II
88.4%
Princess Diana
87.3%
John F. Kennedy
86.1%
Winston Churchill
79.1%
Kim Jong-il
76%
Ringo Starr
76%
Angela Merkel
73.7%
Franklin Delano Roosevelt
72.2%
Salvador Dalí and Gala Dalí
67.4%
Ingrid Bergman and Alfred Hitchcock
67.3%
George 'Babe' Ruth
54.7%
% Correct
Fred Astaire
54.2%
Andy Warhol and Edie Sedgwick
54%
Julie Andrews and Carol Burnett
48.8%
Lesley 'Twiggy' Lawson
48.1%
Ernest Hemingway
47.6%
Boris Yeltsin
46.2%
Ernesto 'Che' Guevara
44.1%
Boris Karloff
33.9%
George Orwell
18.8%
Dylan Thomas and Caitlin Thomas
9.9%
Frank Lloyd Wright
6.8%
Jack Kerouac
4.6%
William S. Burroughs
2.6%

You're not logged in!

Compare scores with friends on all Sporcle quizzes.
OR
Log In

Show Comments

Extras

Top Quizzes Today


Score Distribution

Your Account Isn't Verified!

In order to create a playlist on Sporcle, you need to verify the email address you used during registration. Go to your Sporcle Settings to finish the process.

Report this User

Report this user for behavior that violates our Community Guidelines.

Details: